| 000 | 00702nam a2200253Ia 4500 | ||
|---|---|---|---|
| 001 | 1113 | ||
| 003 | GE_BSU | ||
| 008 | 181216s||||||||xx |||||||||||||| ||und|| | ||
| 020 | _a080583088Х | ||
| 040 | _cGE_BSU | ||
| 080 | _a316.7 | ||
| 100 | _aХаррис,Ричард | ||
| 245 | _aПсихология массовых коммуникации | ||
| 250 | _a4-е междун. изд-е | ||
| 260 | _aСПБ | ||
| 260 | _bПрайм-Еврознак | ||
| 260 | _c2003 | ||
| 300 | _a446стр. | ||
| 541 | _h18л. | ||
| 653 | _aПсихология | ||
| 653 | _aПсихология массовых коммуникации | ||
| 653 | _aფსიქოლოგია | ||
| 942 | _cBK | ||
| 999 |
_c35264 _d35264 |
||